| 000 | 01115nam a22003377a 4500 | ||
|---|---|---|---|
| 003 | CHAP | ||
| 005 | 20220817042056.0 | ||
| 008 | 971013s1986 r 00010 d | ||
| 010 | _a33792 | ||
| 011 | _a34764 | ||
| 035 | _a38880 | ||
| 040 | _cCHAP | ||
| 090 | _aFolleto 11162 | ||
| 100 | 0 | 0 | _aMejía Saules, María Teresa. |
| 245 | _aGramíneas forrajeras en la región central del estado de Veracruz | ||
| 260 |
_aXalapa, Ver. : _bINIREB, _c1986 |
||
| 300 |
_a66 p. _b: ilus |
||
| 490 |
_aCuadernos de divulgación INIREB _v; 22 |
||
| 590 |
_aBATCH-UPD _b10 _c20130110 _lUCH01 _h0154 |
||
| 590 |
_aBATCH-UPD _b10 _c20130110 _lUCH01 _h0942 |
||
| 590 |
_aBATCH-UPD _b10 _c20130409 _lUCH01 _h2155 |
||
| 590 |
_aBATCH-UPD _b10 _c20130410 _lUCH01 _h0558 |
||
| 590 |
_aBATCH-UPD _b10 _c20130914 _lUCH01 _h1108 |
||
| 590 |
_aCONVERSION _b10 _c20130109 _lUCH01 _h1319 |
||
| 650 | 1 | 4 |
_aGramíneas _xVeracruz. _950295 |
| 650 | 1 | 4 |
_aPastos forrajeros _xVeracruz. _986124 |
| 830 | 0 |
_aCuadernos de divulgación INIREB _v; 22 _929768 |
|
| 901 | _aBK | ||
| 942 | _cFOLL | ||
| 949 |
_aFolleto 11162 _bBC _cFOLL _d-88803 _eTS1 _i38880 _mD _si |
||
| 999 |
_c33792 _d33792 |
||